[Event "Titled Tue 27th May Early"]
[Site "chess.com INT"]
[Date "2025.05.27"]
[Round "10"]
[White "Weetik, Vjacheslav"]
[Black "Krzywda, Andrzej"]
[Result "1-0"]
[WhiteTitle "FM"]
[BlackTitle "CM"]
[WhiteElo "2423"]
[BlackElo "2175"]
[WhiteFideId "4153472"]
[BlackFideId "1114565"]
[EventDate "2025.05.27"]

1. Nf3 c5 2. g3 d5 3. Bg2 Nc6 4. O-O e5 5. d3 Be7 6. e4 d4 7. a4 h5 8. Na3 h4 9.
Nc4 Qc7 10. Qe1 Be6 11. Nxh4 Bxh4 12. gxh4 Nf6 13. f4 Bxc4 14. dxc4 O-O-O 15.
Bd2 Kb8 16. b3 Ka8 17. h3 d3 18. c3 Nh5 19. fxe5 Nxe5 20. Qe3 Ng6 21. e5 Nxe5
22. Rf5 f6 23. Bd5 Ng6 24. Re1 Nxh4 25. Rf2 Qg3+ 26. Qxg3 Nxg3 27. Re7 Ne2+ 28.
Rfxe2 dxe2 29. Bxb7+ Kb8 30. Bf4+ Rd6 31. Bxd6# 1-0

[Event "Titled Tue 27th May Early"]
[Site "chess.com INT"]
[Date "2025.05.27"]
[Round "10"]
[White "Manukian, Artak"]
[Black "Souleidis, Georgios"]
[Result "0-1"]
[BlackTitle "IM"]
[WhiteElo "2104"]
[BlackElo "2418"]
[WhiteFideId "13301373"]
[BlackFideId "4206827"]
[EventDate "2025.05.27"]

1. e4 c5 2. Nf3 e6 3. c3 d5 4. e5 d4 5. cxd4 cxd4 6. Bb5+ Nc6 7. Bxc6+ bxc6 8.
Qa4 Ne7 9. Nxd4 Bd7 10. Nb3 c5 11. Qa5 Qxa5 12. Nxa5 Ng6 13. Nc4 Bb5 14. Nba3
Ba6 15. b3 Be7 16. O-O O-O 17. f4 Rfd8 18. g3 f6 19. exf6 Bxf6 20. Rb1 Rd3 21.
Bb2 Rad8 22. Bxf6 gxf6 23. Rfe1 Kf7 24. Kf2 h5 25. Re3 Rxd2+ 26. Nxd2 Rxd2+ 27.
Kg1 Bb7 28. Rbe1 Rxa2 29. Nc4 Rg2+ 30. Kf1 Bd5 31. Rxe6 Rxh2 32. Ra6 Nf8 33. Rb6
axb6 34. Nxb6 Bxb3 35. Rc1 Rh1+ 36. Ke2 Rxc1 37. Kd2 Rg1 0-1

[Event "Titled Tue 27th May Early"]
[Site "chess.com INT"]
[Date "2025.05.27"]
[Round "10"]
[White "Agarwal, Amaya"]
[Black "Smirnova, Ekaterina"]
[Result "0-1"]
[WhiteTitle "WCM"]
[BlackTitle "WIM"]
[WhiteElo "2004"]
[BlackElo "2096"]
[WhiteFideId "48733580"]
[BlackFideId "4110943"]
[EventDate "2025.05.27"]

1. e4 e6 2. d4 d5 3. Nd2 c5 4. exd5 Qxd5 5. dxc5 Bxc5 6. Ngf3 Nf6 7. Bd3 Nc6 8.
O-O O-O 9. Nb3 Bb6 10. c3 Rd8 11. Bc2 Qxd1 12. Rxd1 Rxd1+ 13. Bxd1 Ne4 14. Be3
Bxe3 15. fxe3 e5 16. Bc2 Nf6 17. Rd1 Bg4 18. Rf1 Rd8 19. h3 Bh5 20. Nc5 Bg6 21.
Bxg6 hxg6 22. Nxb7 Rb8 23. Nc5 Rxb2 24. a4 Rc2 25. Nd3 Rxc3 26. Ndxe5 Nxe5 27.
Nxe5 Rxe3 28. Ng4 Nxg4 29. hxg4 Re4 30. Ra1 a5 31. Rb1 Rxa4 32. Rb8+ Kh7 33. Ra8
g5 34. Kf2 f6 35. Kf3 Kg6 36. Ra7 Rf4+ 37. Kg3 a4 38. Kh3 Rb4 39. Kh2 Rxg4 40.
Kh3 Rb4 41. g4 Rb3+ 42. Kg2 a3 43. Kh2 Rb2+ 44. Kg1 a2 0-1

[Event "Titled Tue 27th May Early"]
[Site "chess.com INT"]
[Date "2025.05.27"]
[Round "10"]
[White "Harshit, Ranjan Sahu"]
[Black "Otdelnov, Kirill"]
[Result "1-0"]
[WhiteTitle "CM"]
[BlackTitle "FM"]
[WhiteElo "2214"]
[BlackElo "2273"]
[WhiteFideId "25638815"]
[BlackFideId "24280216"]
[EventDate "2025.05.27"]

1. e4 d5 2. exd5 Qxd5 3. Nc3 Qe5+ 4. Be2 Bg4 5. d4 Bxe2 6. Ngxe2 Qa5 7. O-O Nf6
8. Bd2 Nc6 9. a4 Qh5 10. Nb5 O-O-O 11. c3 a6 12. Na3 e5 13. Be3 exd4 14. Nxd4
Qh4 15. Qf3 Nxd4 16. Bxd4 Bd6 17. h3 Kb8 18. Nc4 Rhe8 19. Rae1 Rxe1 20. Rxe1 Qg5
21. Nxd6 Rxd6 22. Re7 Re6 23. Rxf7 Re8 24. Qg3 Qxg3 25. fxg3 Nh5 26. g4 Ng3 27.
Kh2 Ne4 28. Rxg7 Nd2 29. Rxh7 c5 30. Rh8 Rxh8 31. Bxh8 c4 32. g5 Ne4 33. g6 1-0

[Event "Titled Tue 27th May Early"]
[Site "chess.com INT"]
[Date "2025.05.27"]
[Round "10"]
[White "Pribelszky, Bence"]
[Black "Barria Zuniga, Daniel"]
[Result "1-0"]
[WhiteTitle "IM"]
[BlackTitle "IM"]
[WhiteElo "2400"]
[BlackElo "2341"]
[WhiteFideId "769738"]
[BlackFideId "3400816"]
[EventDate "2025.05.27"]

1. d4 Nf6 2. Nf3 g6 3. e3 Bg7 4. Bd3 O-O 5. O-O c5 6. b3 cxd4 7. exd4 d5 8. Bb2
Nc6 9. a3 Qc7 10. Nbd2 Rd8 11. Qe2 Bf5 12. Ne5 Bxd3 13. cxd3 Rac8 14. Rac1 e6
15. b4 Qb6 16. Nb3 Nxe5 17. dxe5 Nd7 18. Kh1 Qa6 19. f4 b6 20. Nd4 b5 21. Qe3
Qb6 22. Rxc8 Rxc8 23. Rc1 Rxc1+ 24. Qxc1 Qb7 25. Nb3 Bf8 26. Bd4 Nb6 27. Na5 Qe7
28. g3 Na4 29. Qc8 Kg7 30. Nc6 1-0

[Event "Titled Tue 27th May Early"]
[Site "chess.com INT"]
[Date "2025.05.27"]
[Round "10"]
[White "Sydoryka, Vladyslav"]
[Black "Aloma Vidal, Robert"]
[Result "0-1"]
[WhiteTitle "FM"]
[BlackTitle "IM"]
[WhiteElo "2224"]
[BlackElo "2374"]
[WhiteFideId "14145928"]
[BlackFideId "2260409"]
[EventDate "2025.05.27"]

1. c4 a6 2. g3 b5 3. Bg2 Nc6 4. b3 e5 5. Nc3 bxc4 6. bxc4 Bc5 7. Nf3 Nf6 8. O-O
Rb8 9. e3 d6 10. h3 O-O 11. a3 h6 12. d4 Ba7 13. Ra2 Bf5 14. Rb2 Qe7 15. Nd5
Nxd5 16. cxd5 Na5 17. Qa4 Bb6 18. dxe5 dxe5 19. e4 Bd7 20. Qc2 Bb5 21. Rd1 Nc4
22. Rb4 Nd6 23. a4 Bd7 24. Ba3 a5 25. Rb2 f5 26. exf5 Bxf5 27. Qe2 e4 28. Nd4
Bd7 29. Rbd2 Bxa4 30. Re1 Rbe8 31. Kh2 Bd7 32. Bb2 Rf7 33. Ne6 Bxe6 34. dxe6
Qxe6 35. Rf1 Ref8 36. Qe1 Kh8 37. h4 e3 38. fxe3 Rxf1 39. Bxf1 Qxe3 40. Re2 Qg1+
41. Kh3 Qxf1+ 42. Qxf1 Rxf1 43. Re7 Nf5 44. Rf7 h5 45. g4 hxg4+ 46. Kxg4 Ne3+
47. Kh5 Rxf7 48. Bxg7+ Kxg7 49. Kg5 Rf5# 0-1

[Event "Titled Tue 27th May Early"]
[Site "chess.com INT"]
[Date "2025.05.27"]
[Round "10"]
[White "Zhauynbay, Alimzhan"]
[Black "Nikologorskiy, Konstantin"]
[Result "0-1"]
[WhiteTitle "CM"]
[BlackTitle "IM"]
[WhiteElo "2077"]
[BlackElo "2413"]
[WhiteFideId "13782657"]
[BlackFideId "24111708"]
[EventDate "2025.05.27"]

1. e4 c5 2. Nf3 d6 3. d4 cxd4 4. Nxd4 Nf6 5. Nc3 a6 6. f4 e5 7. Nf3 Nbd7 8. g4
Nxg4 9. Bc4 Be7 10. h3 Ngf6 11. Be3 exf4 12. Bxf4 Qb6 13. Qd2 Qxb2 14. O-O Qa3
15. Kh2 O-O 16. Bb3 Qc5 17. Rg1 g6 18. Bh6 Re8 19. Be3 Qh5 20. Kg2 Ne5 21. Nxe5
Qxh3+ 22. Kf2 dxe5 23. Nd5 Nxe4+ 0-1

[Event "Titled Tue 27th May Early"]
[Site "chess.com INT"]
[Date "2025.05.27"]
[Round "10"]
[White "Teh, Wee Zhun"]
[Black "Tilahun, Abel Mathewos"]
[Result "0-1"]
[WhiteTitle "CM"]
[BlackTitle "CM"]
[WhiteElo "2010"]
[BlackElo "1944"]
[WhiteFideId "5707277"]
[BlackFideId "15702391"]
[EventDate "2025.05.27"]

1. d4 d5 2. c4 e6 3. Nc3 Nf6 4. cxd5 exd5 5. Bg5 c6 6. e3 Be7 7. Bd3 O-O 8. Nf3
Nbd7 9. Qc2 Re8 10. O-O Nf8 11. h3 Ng6 12. Rab1 a5 13. a3 Bd6 14. b4 axb4 15.
axb4 h6 16. Bxg6 hxg5 17. Bf5 g6 18. Bxc8 Rxc8 19. Nxg5 Kg7 20. Na4 Bb8 21. Nc5
Qc7 22. g3 Nh5 23. b5 Re7 24. Qd2 Nxg3 25. fxg3 Qxg3+ 26. Qg2 Qxe3+ 27. Kh1 Qxd4
28. Nb3 Qc3 29. bxc6 bxc6 30. Nd2 Rh8 0-1

[Event "Titled Tue 27th May Early"]
[Site "chess.com INT"]
[Date "2025.05.27"]
[Round "10"]
[White "Garcia Correa, Jose Ricardo"]
[Black "Kawka, Milena"]
[Result "1-0"]
[WhiteTitle "FM"]
[BlackTitle "WCM"]
[WhiteElo "2103"]
[BlackElo "2004"]
[WhiteFideId "5101832"]
[BlackFideId "21095167"]
[EventDate "2025.05.27"]

1. e4 c5 2. Nf3 Nc6 3. d4 cxd4 4. Nxd4 e5 5. Nb5 d6 6. a4 a6 7. N5a3 Be6 8. Nc3
Nf6 9. Be2 g6 10. Nc4 Rb8 11. Be3 b5 12. axb5 axb5 13. Nxb5 Rxb5 14. Nxd6+ Qxd6
15. Qxd6 Bxd6 16. Bxb5 Kd7 17. Ra7+ Bc7 18. Ra6 Rb8 19. Bxc6+ Kc8 20. b3 Ne8 21.
Bxe8 Kd8 22. Bc6 Ke7 23. Bc5+ Kf6 24. Bd5 Rb5 25. b4 Rb8 26. O-O Rd8 27. Ra7 Bd6
28. Bxe6 Bxc5 29. bxc5 fxe6 30. c6 Rc8 31. c7 Ke7 32. Rd1 g5 33. f3 h6 34. Rd8
Rxc7 35. Rxc7+ Kxd8 36. Rh7 Ke8 37. c4 g4 38. fxg4 h5 39. gxh5 Kd8 40. c5 Kc8
41. c6 Kb8 42. Rd7 Kc8 43. h6 Kb8 44. h7 1-0

[Event "Titled Tue 27th May Early"]
[Site "chess.com INT"]
[Date "2025.05.27"]
[Round "10"]
[White "Troltenier, Dirk"]
[Black "Veiga, Jose Francisco R P Neves"]
[Result "0-1"]
[WhiteTitle "FM"]
[BlackTitle "IM"]
[WhiteElo "2174"]
[BlackElo "2389"]
[WhiteFideId "4606400"]
[BlackFideId "1930087"]
[EventDate "2025.05.27"]

1. e4 Nc6 2. Nf3 Nf6 3. e5 Nd5 4. d4 d6 5. c4 Nb6 6. exd6 exd6 7. h3 Be7 8. Bd3
O-O 9. O-O Bf6 10. Be3 d5 11. b3 g6 12. c5 Nd7 13. Nc3 Nxc5 14. dxc5 Bxc3 15.
Rc1 Bg7 16. Qd2 Be6 17. b4 a6 18. Bh6 Qf6 19. Rc2 Bxh6 20. Qxh6 Nxb4 21. Rd2
Nxd3 22. Rxd3 c6 23. Re3 Rfe8 24. Rfe1 Bd7 25. Ng5 Qg7 26. Qh4 Rxe3 27. Rxe3 Re8
28. Rxe8+ Bxe8 29. Qf4 h6 30. Nf3 Bd7 31. Qb8+ Qf8 32. Qxb7 Qc8 33. Qb6 f6 34.
Nd4 Kf7 35. a4 Ke7 36. a5 g5 37. Qb2 Qc7 38. Nf3 h5 0-1

[Event "Titled Tue 27th May Early"]
[Site "chess.com INT"]
[Date "2025.05.27"]
[Round "10"]
[White "Burmakin, Evgeniy"]
[Black "Jaskolka, Tomasz"]
[Result "0-1"]
[WhiteTitle "FM"]
[BlackTitle "CM"]
[WhiteElo "2110"]
[BlackElo "2200"]
[WhiteFideId "4163729"]
[BlackFideId "1170791"]
[EventDate "2025.05.27"]

1. e4 e6 2. d4 d5 3. Nc3 Bb4 4. e5 Ne7 5. a3 Bxc3+ 6. bxc3 c5 7. Qg4 Qc7 8. Bd2
O-O 9. h4 Nbc6 10. Rh3 cxd4 11. cxd4 f5 12. exf6 Rxf6 13. Bd3 e5 14. Qh5 e4 15.
Bg5 Bxh3 16. Bxf6 gxf6 17. gxh3 exd3 18. Nf3 dxc2 19. Ke2 Nxd4+ 20. Nxd4 Qc4+
21. Kf3 Qxd4 22. Rg1+ Kh8 23. Qf7 Qe4+ 24. Kg3 Rg8+ 25. Kh2 Qf4+ 0-1

[Event "Titled Tue 27th May Early"]
[Site "chess.com INT"]
[Date "2025.05.27"]
[Round "10"]
[White "Hnatyshyn, Anastasiia"]
[Black "Modric, Nesa"]
[Result "1-0"]
[WhiteTitle "WFM"]
[BlackTitle "CM"]
[WhiteElo "2159"]
[BlackElo "2088"]
[WhiteFideId "14198339"]
[BlackFideId "922579"]
[EventDate "2025.05.27"]

1. Nc3 d5 2. e4 dxe4 3. Nxe4 Bf5 4. Ng3 Bg6 5. d4 e6 6. Nf3 c6 7. h4 h6 8. Ne5
Bh7 9. Be3 Nd7 10. Nxd7 Qxd7 11. Bd3 Bxd3 12. Qxd3 Nf6 13. O-O-O Qd5 14. c4 Qa5
15. Kb1 O-O-O 16. Ne4 Nxe4 17. Qxe4 Bd6 18. Rh3 Qf5 19. Qxf5 exf5 20. Rf3 g6 21.
Kc2 h5 22. Bg5 Rd7 23. Re3 Bf8 24. Bf6 Rg8 25. Re8+ Kc7 26. c5 b6 27. b4 a5 28.
Be5+ Kb7 29. Rb8+ Ka7 30. cxb6+ Ka6 31. bxa5 Kxa5 32. b7 Ka6 33. Rb1 f6 34. Ra8# 1-0

[Event "Titled Tue 27th May Early"]
[Site "chess.com INT"]
[Date "2025.05.27"]
[Round "10"]
[White "Joseph Benher, Savio"]
[Black "Papaioannou, Dimitrios"]
[Result "0-1"]
[BlackTitle "CM"]
[WhiteElo "2115"]
[BlackElo "2200"]
[WhiteFideId "2629453"]
[BlackFideId "25865137"]
[EventDate "2025.05.27"]

1. e4 c5 2. Nf3 d6 3. d4 cxd4 4. Nxd4 Nf6 5. Nc3 a6 6. Be2 e5 7. Nb3 Be7 8. O-O
Be6 9. f4 O-O 10. Kh1 b5 11. Bf3 Nbd7 12. a4 b4 13. Nd5 Bxd5 14. exd5 Rc8 15. a5
Qc7 16. Ra4 Qxc2 17. Rxb4 Qxd1 18. Rxd1 Rb8 19. Rxb8 Rxb8 20. Nd2 Rb4 21. Be2
Nxd5 22. fxe5 Nxe5 23. Bxa6 Ne3 24. Re1 N3g4 25. Nf3 Ra4 26. Bc8 Nf2+ 27. Kg1
Nfd3 28. Nxe5 dxe5 29. Bd2 Nxe1 30. Bxe1 Bb4 31. Bxb4 Rxb4 32. a6 Rxb2 33. Bb7
Ra2 34. h4 Kf8 35. Kh2 f5 36. Kg3 g6 37. Kf3 Ke7 38. g4 Kf6 39. g5+ Ke7 40. Ke3
Kd6 41. Kd3 Kc5 42. Kc3 Ra5 43. Kb3 e4 0-1

[Event "Titled Tue 27th May Early"]
[Site "chess.com INT"]
[Date "2025.05.27"]
[Round "10"]
[White "Kjaergaard-Jensen, Jesper"]
[Black "Karimova, Guldona"]
[Result "1-0"]
[WhiteTitle "CM"]
[BlackTitle "WIM"]
[WhiteElo "2081"]
[BlackElo "2265"]
[WhiteFideId "1406990"]
[BlackFideId "14210410"]
[EventDate "2025.05.27"]

1. d4 Nf6 2. Nf3 e6 3. Bg5 d5 4. Nbd2 Be7 5. Bxf6 Bxf6 6. e4 dxe4 7. Nxe4 b6 8.
Bd3 Bb7 9. c3 O-O 10. Qe2 Nd7 11. h4 c5 12. O-O-O cxd4 13. Nfg5 h6 14. f4 Rc8
15. Nd6 Qc7 16. Nxb7 Qxb7 17. Bc2 Qc7 18. g3 Rfe8 19. Qe4 g6 20. Nxf7 Kxf7 21.
Qxg6+ Ke7 22. Rhe1 Rg8 23. Rxe6+ Kxe6 24. Bb3+ Kd6 25. Rxd4+ Kc5 26. Qf5+ Be5
27. Rc4+ Kb5 28. Rxc7 Rxc7 29. Qd3+ Kc6 30. Qd5# 1-0

[Event "Titled Tue 27th May Early"]
[Site "chess.com INT"]
[Date "2025.05.27"]
[Round "10"]
[White "Mica, Marek"]
[Black "Provaznik, Michal"]
[Result "1-0"]
[WhiteTitle "FM"]
[BlackTitle "CM"]
[WhiteElo "2372"]
[BlackElo "2050"]
[WhiteFideId "382884"]
[BlackFideId "315273"]
[EventDate "2025.05.27"]

1. Nf3 d5 2. g3 Nc6 3. Bg2 e5 4. c4 d4 5. d3 a5 6. O-O Nf6 7. Bg5 Be7 8. Bxf6
Bxf6 9. Nbd2 O-O 10. a3 a4 11. b4 axb3 12. Nxb3 Qe7 13. a4 Na5 14. Nxa5 Rxa5 15.
Nd2 b6 16. Nb3 Ra7 17. a5 bxa5 18. Nxa5 Bd7 19. Nc6 Bxc6 20. Rxa7 Bxg2 21. Kxg2
e4 22. dxe4 Qxe4+ 23. f3 Qe5 24. Qd3 h5 25. Rfa1 g6 26. Ra8 Rxa8 27. Rxa8+ Kg7
28. Qe4 Qxe4 29. fxe4 Be5 30. Kf3 Kf6 31. e3 dxe3 32. Kxe3 h4 33. Kf3 hxg3 34.
hxg3 Kg5 35. Ra5 f6 36. Rd5 Kh5 37. c5 g5 38. g4+ Kg6 39. c6 Kf7 40. Rd7+ Ke6
41. Ke2 Bd6 42. Kd3 Ke5 43. Kc4 Ke6 44. Kb5 Bf4 45. Ka6 Ke5 46. Rxc7 Kxe4 47.
Rb7 Kf3 48. Rb4 Bd6 49. Rc4 f5 50. gxf5 g4 51. f6 g3 52. Rc3+ Kf2 53. Rxg3 1-0

[Event "Titled Tue 27th May Early"]
[Site "chess.com INT"]
[Date "2025.05.27"]
[Round "10"]
[White "Duda, Jan-Krzysztof"]
[Black "Onyshchuk, Volodymyr"]
[Result "0-1"]
[WhiteTitle "GM"]
[BlackTitle "GM"]
[WhiteElo "2739"]
[BlackElo "2602"]
[WhiteFideId "1170546"]
[BlackFideId "14114038"]
[EventDate "2025.05.27"]

1. e4 d6 2. d4 g6 3. Nc3 Bg7 4. h4 Nf6 5. Be2 c5 6. dxc5 Qa5 7. Kf1 Qxc5 8. h5
Nxh5 9. Bxh5 Bxc3 10. bxc3 gxh5 11. Ne2 Nc6 12. Be3 Qc4 13. Kg1 Qxe4 14. Ng3 Qg6
15. Rb1 Rg8 16. Rb5 Bg4 17. Qd5 O-O-O 18. Bxa7 Be6 19. Qf3 Qxc2 20. Bb6 Ne5 21.
Rxe5 dxe5 22. Bxd8 Rxd8 23. Rxh5 f6 24. Kh2 Rd2 25. Qe4 Rxf2 26. Qxc2 Rxc2 27.
Rxh7 Kd8 28. c4 Rxc4 0-1

[Event "Titled Tue 27th May Early"]
[Site "chess.com INT"]
[Date "2025.05.27"]
[Round "10"]
[White "Ahmad, Khagan"]
[Black "Pakleza, Zbigniew"]
[Result "1-0"]
[WhiteTitle "IM"]
[BlackTitle "GM"]
[WhiteElo "2405"]
[BlackElo "2484"]
[WhiteFideId "13431552"]
[BlackFideId "1119290"]
[EventDate "2025.05.27"]

1. e4 d6 2. d4 Nf6 3. Nc3 c6 4. f4 Qb6 5. Nf3 Bg4 6. Bc4 e6 7. e5 d5 8. exf6
dxc4 9. fxg7 Bxg7 10. Ne4 Bxf3 11. Qxf3 Qxd4 12. Be3 Qxb2 13. O-O O-O 14. f5
exf5 15. Nd6 f4 16. Bxf4 Qxc2 17. Rae1 Nd7 18. Qh3 Nc5 19. Nf5 Ne6 20. Qg4 Kh8
21. Rxe6 Bc3 22. Re2 Qd3 23. Re3 Qc2 24. Rh3 1-0

[Event "Titled Tue 27th May Early"]
[Site "chess.com INT"]
[Date "2025.05.27"]
[Round "10"]
[White "Injac, Teodora"]
[Black "Leschinsky, Gary"]
[Result "0-1"]
[WhiteTitle "IM"]
[WhiteElo "2474"]
[BlackElo "1992"]
[WhiteFideId "932400"]
[BlackFideId "30951321"]
[EventDate "2025.05.27"]

1. d4 Nf6 2. Bg5 e6 3. Nf3 c5 4. e3 cxd4 5. exd4 b6 6. Nbd2 Be7 7. Bd3 Ba6 8.
Nc4 O-O 9. Qe2 d5 10. Nce5 Bxd3 11. cxd3 Bb4+ 12. Kf1 h6 13. Bh4 a6 14. g4 Be7
15. Rg1 Nfd7 16. Bxe7 Qxe7 17. g5 Nxe5 18. dxe5 h5 19. g6 fxg6 20. Rxg6 Qf7 21.
Rg3 h4 22. Nxh4 Nc6 23. Nf3 Rac8 24. Kg2 Qh5 25. Rg1 Rf5 26. Qe3 Rcf8 27. Kh1
Rxf3 28. Rxg7+ Kh8 29. R7g5 Qh7 30. Qe2 Nd4 31. Qf1 Rxf2 32. Rg8+ Rxg8 33. Qxf2
Rxg1+ 34. Qxg1 Qxd3 0-1

[Event "Titled Tue 27th May Early"]
[Site "chess.com INT"]
[Date "2025.05.27"]
[Round "10"]
[White "Hiwale, Ronak"]
[Black "Khazhatuly, Alikhan"]
[Result "1-0"]
[BlackTitle "CM"]
[WhiteElo "2105"]
[BlackElo "2196"]
[WhiteFideId "30975336"]
[BlackFideId "13731335"]
[EventDate "2025.05.27"]

1. Nf3 Nf6 2. g3 d5 3. Bg2 e6 4. O-O Be7 5. d3 O-O 6. Nc3 c5 7. e4 Nc6 8. Re1
Rb8 9. exd5 Nxd5 10. Nxd5 exd5 11. Bf4 Bd6 12. Qd2 Be6 13. Ng5 Re8 14. Nxe6 fxe6
15. c3 Bxf4 16. Qxf4 Qf6 17. Qd6 Qe7 18. Rxe6 Qxd6 19. Rxd6 d4 20. Bd5+ Kf8 21.
Bxc6 bxc6 22. cxd4 Rxb2 23. dxc5 Ree2 24. Rf1 Rxa2 25. Rxc6 a5 26. Rc7 h6 27. d4
Rad2 28. Rd7 a4 29. d5 a3 30. c6 a2 31. c7 Rc2 32. d6 Re8 33. Ra1 Kg8 34. Rd8
Kf7 35. d7 Ree2 36. c8=Q Rxf2 37. Rf8+ Kg6 38. Rxf2 Rxc8 39. dxc8=Q 1-0

[Event "Titled Tue 27th May Early"]
[Site "chess.com INT"]
[Date "2025.05.27"]
[Round "10"]
[White "Andriienko, Artom"]
[Black "Kislinsky, Alexey"]
[Result "0-1"]
[BlackTitle "GM"]
[WhiteElo "2153"]
[BlackElo "2350"]
[WhiteFideId "34129510"]
[BlackFideId "14108801"]
[EventDate "2025.05.27"]

1. e4 c6 2. Nc3 d5 3. Nf3 Bg4 4. h3 Bxf3 5. Qxf3 dxe4 6. Nxe4 Nd7 7. d4 Ngf6 8.
Bc4 e6 9. c3 Nxe4 10. Qxe4 Nf6 11. Qe2 Be7 12. Bf4 O-O 13. O-O-O b5 14. Bd3 Nd5
15. Be5 Bd6 16. g3 Bxe5 17. dxe5 Qe7 18. h4 Rfd8 19. h5 Qg5+ 20. Kb1 Ne7 21. Qe4
g6 22. hxg6 hxg6 23. Rh3 Kg7 24. f4 Qf5 25. Qh1 Rxd3 26. Rh7+ Kf8 27. Qh6+ Ke8
28. Rh8+ Kd7 0-1

[Event "Titled Tue 27th May Early"]
[Site "chess.com INT"]
[Date "2025.05.27"]
[Round "10"]
[White "Gubajdullin, Alexei"]
[Black "Hobaica, Juan Pablo"]
[Result "1-0"]
[WhiteTitle "FM"]
[BlackTitle "IM"]
[WhiteElo "2227"]
[BlackElo "2412"]
[WhiteFideId "4141202"]
[BlackFideId "104159"]
[EventDate "2025.05.27"]

1. Nf3 g6 2. g3 Bg7 3. Bg2 Nf6 4. O-O O-O 5. d3 d6 6. Nbd2 c6 7. e4 e5 8. Ng5 h6
9. Nh3 Bg4 10. f3 Bxh3 11. Bxh3 d5 12. Kh1 Na6 13. c3 Nc5 14. Nb3 Nxb3 15. Qxb3
dxe4 16. dxe4 Qe7 17. Be3 Rfd8 18. Rad1 b6 19. Qc4 c5 20. a4 Rxd1 21. Rxd1 Rd8
22. Ra1 a5 23. Bf1 Ne8 24. Qb3 Qc7 25. Bc4 Nd6 26. Bd5 Kh7 27. h4 f5 28. Kg2 Rf8
29. Bf2 fxe4 30. fxe4 Qd8 31. Qd1 Qf6 32. Qe2 h5 33. Rf1 Bh6 34. Be1 Qxf1+ 35.
Qxf1 Rxf1 36. Kxf1 Bc1 37. b3 Kg7 38. Ke2 Kf6 39. Kf3 Bh6 40. g4 hxg4+ 41. Kxg4
Bf4 42. b4 c4 43. Kf3 Bc1 44. b5 Ba3 45. Bf2 Bb2 46. Bxb6 Bxc3 47. Bd8+ Kg7 48.
b6 Bd4 49. Bc7 c3 50. Ke2 c2 51. Kd2 Ne8 52. Kxc2 Nf6 53. b7 Ba7 54. Bxe5 1-0

[Event "Titled Tue 27th May Early"]
[Site "chess.com INT"]
[Date "2025.05.27"]
[Round "10"]
[White "Pournami S"]
[Black "Schubert, Christian"]
[Result "1-0"]
[WhiteTitle "WCM"]
[BlackTitle "CM"]
[WhiteElo "1782"]
[BlackElo "2203"]
[WhiteFideId "25732439"]
[BlackFideId "4604229"]
[EventDate "2025.05.27"]

1. e4 c5 2. Nf3 e6 3. d4 cxd4 4. Nxd4 Nf6 5. Nc3 Nc6 6. a3 a6 7. f3 d6 8. Be3
Bd7 9. Qd2 Be7 10. g4 Nxd4 11. Bxd4 Bc6 12. O-O-O b5 13. h4 Rb8 14. Na2 a5 15.
h5 e5 16. Bc3 b4 17. axb4 a4 18. b5 Bxb5 19. Ba5 Qc8 20. g5 Nd7 21. Bb4 Bxf1 22.
Rhxf1 Nc5 23. Bxc5 Qxc5 24. Qd5 Bxg5+ 25. Kb1 Qxd5 26. Rxd5 Ke7 27. Rfd1 a3 28.
b3 Rb6 29. Ra5 Rc8 30. Ra7+ Ke6 31. Rxa3 Be7 32. Kb2 Rb5 33. Nc3 Rbc5 34. Rd3 1-0

[Event "Titled Tue 27th May Early"]
[Site "chess.com INT"]
[Date "2025.05.27"]
[Round "10"]
[White "Shirov, Alexei"]
[Black "Omariev, Maksim"]
[Result "1-0"]
[WhiteTitle "GM"]
[BlackTitle "FM"]
[WhiteElo "2620"]
[BlackElo "2304"]
[WhiteFideId "2209390"]
[BlackFideId "4193423"]
[EventDate "2025.05.27"]

1. e4 c5 2. Nf3 d6 3. d4 cxd4 4. Nxd4 Nf6 5. Nc3 a6 6. Be3 Ng4 7. Bg5 h6 8. Bh4
g5 9. Bg3 Bg7 10. h3 Ne5 11. Nf5 Bxf5 12. exf5 Nbc6 13. Nd5 Qa5+ 14. c3 O-O-O
15. Be2 e6 16. fxe6 fxe6 17. Ne3 Kb8 18. O-O Ka8 19. a4 Qc7 20. b4 Ne7 21. Rc1
Nf5 22. Nxf5 exf5 23. f4 Ng6 24. Kh1 Rhf8 25. a5 Nxf4 26. Bxf4 gxf4 27. b5 axb5
28. Bxb5 Be5 29. a6 b6 30. a7 d5 31. Re1 Rf6 32. Qf3 Qc5 33. c4 Kxa7 34. Rxe5
Kb8 35. Rxd5 Rxd5 36. Qxd5 Rd6 37. Qxc5 bxc5 38. Kg1 Kc7 39. Kf2 Rd4 40. Kf3 Kd6
41. Re1 Rd3+ 42. Kxf4 Rd2 43. Kf3 Rd3+ 44. Re3 1-0

[Event "Titled Tue 27th May Early"]
[Site "chess.com INT"]
[Date "2025.05.27"]
[Round "10"]
[White "Kosakowski, Jakub"]
[Black "Nakonechnyi, Oleksii"]
[Result "0-1"]
[WhiteTitle "GM"]
[BlackTitle "CM"]
[WhiteElo "2530"]
[BlackElo "2224"]
[WhiteFideId "1185080"]
[BlackFideId "34173714"]
[EventDate "2025.05.27"]

1. f4 e5 2. fxe5 d6 3. exd6 Bxd6 4. Nf3 Nc6 5. g3 h5 6. d4 h4 7. Rg1 hxg3 8.
hxg3 Nf6 9. Bg5 Qe7 10. Nc3 Bf5 11. Qd2 O-O-O 12. O-O-O Bb4 13. Qf4 Bg6 14. Bxf6
gxf6 15. Nb1 Bd6 16. Qd2 Bb4 17. Nc3 Na5 18. e4 Bh5 19. g4 Bg6 20. a3 Bxa3 21.
bxa3 Qxa3+ 22. Kb1 Rd6 23. Nb5 Rb6 24. Qd3 Qa4 25. Kc1 a6 26. Nc3 Qa3+ 27. Kd2
Rb2 28. Be2 Rd8 29. Ra1 Qb4 30. Rgb1 Nb3+ 31. Ke3 Nxa1 32. Rxb2 Qxb2 33. Ne1
Qc1+ 34. Kf2 Qf4+ 35. Nf3 Qc1 36. Ne1 Qa3 37. Nf3 Qb4 38. Nd5 Qb2 0-1